Biblioteca

Smilinguido en moda amarilla (Registro nro. 48297)

Detalles MARC
000 -LÍDER
Campo fijo de descripción fija 003820000a22001570004500
020 ## - NÚMERO INTERNACIONAL NORMALIZADO PARA LIBROS
Número Internacional Normalizado del libro L&V 0021440003
041 0# - CÓDIGO DE IDIOMA
Código de idioma para texto/pista de sonido o título separado
082 04 - NÚMERO DE CLASIFICACIÓN DECIMAL DEWEY
Número de clasificación DVD 008
001 - NÚMERO DE CONTROL
Campo de control 1122
110 1# - ASIENTO PRINCIPAL--NOMBRE CORPORATIVO
Nombre corporativo o de jurisdicción como elemento de entrada Luz e Vida
245 10 - TÍTULO
Título del Material Smilinguido en moda amarilla
260 ## - PUBLICACIÓN, DISTRIBUCIÓN, ETC. (PIE DE IMPRENTA)
Lugar de publicación, distribución, etc. Brasil : Luz e Vida
300 ## - DESCRIPCIÓN FÍSICA
Extensión 35 min.
505 00 - NOTA DE CONTENIDO
Nota de contenido con formato preestablecido Pelicula dibujo animado. cat. 3 a 11 años
942 ## - TIPO DE MATERIAL (KOHA)
Tipo de Item KOHA Z- Libro General BINCO
Existencias
Estado de Material Estado de Perdido Volumen-Parte/Tomo Estado de Dañado No para Préstamo Tomo Biblioteca de Origen Biblioteca Permanente Fecha de Adquisición Total de Préstamos Signatura Topográfica Código de Barras Última vez visto Última vez Préstado Ejemplar/Existencia Fecha de Remplazo Tipo de Material
            Biblioteca Infantil Comunitaria BINCO Biblioteca Infantil Comunitaria BINCO 13/04/2007 1 DVD 008 B31329 24/11/2016 07/04/2016 1 26/01/2016 Z- Libro General BINCO

Biblioteca FUSBC | Teléfono: (57+4) 349 88 10 Ext. 141| WhatsApp (+57) 3005338115 
E-mail: biblioteca@unisbc.edu.co | Calle 76 87-14 Robledo Palenque, Medellín, Colombia

Con tecnología Koha